| 000 | 00558cam a22002171 4500 | ||
|---|---|---|---|
| 001 | sa 65009738 | ||
| 003 | DLC | ||
| 005 | 20260227112204.0 | ||
| 008 | 890921s1962 ii 000 0 hino | ||
| 010 | _asa 65009738 | ||
| 035 | _a(OCoLC)20379600 | ||
| 040 |
_aDLC _cWaU _dDLC |
||
| 042 | _apremarc | ||
| 050 | 0 | 0 |
_aPK1939 _b.T5 |
| 100 | 1 |
_aTivārī, Bholānātha, _d1923-1989. |
|
| 245 | 1 | 0 | _aVr̥hat paryāyavc̄ī kośa. |
| 260 | _c[1962] | ||
| 300 |
_a13, 558 p. _c23 cm. |
||
| 500 | _aIn Hindi. | ||
| 650 | 0 |
_aHindi language _xSynonyms and antonyms. |
|
| 999 |
_c66393 _d66393 |
||